Statistics for European Geography By Letter - B #1

Click here to take the quiz!

General Stats

  • This quiz has been taken 51,642 times
    (51,371 since last reset)
  • The average score is 12 of 20

Answer Stats

Clue Answer % Correct
Capital of SwitzerlandBern
89%
Capital of CataloniaBarcelona
87%
Capital of the EUBrussels
86%
Munich is its capitalBavaria
84%
Sea west of Estonia, Latvia and LithuaniaBaltic Sea
83%
Sea south of UkraineBlack Sea
77%
One of the Low CountriesBelgium
75%
Capital of West GermanyBonn
63%
Wine region in southwest FranceBordeaux
60%
Peninsula of former Yugoslavia and neighborsBalkan
60%
English city called "Aquae Sulis"
by the Romans
Bath
53%
Northern Spanish city home to a
Guggenheim museum
Bilbao
53%
Northwest French peninsula,
one of six "Celtic Nations"
Brittany
51%
Bay west of France and north of SpainBay of Biscay
51%
Strait that separates Europe and
Asia at Istanbul
Bosphorus
49%
Britain's tallest mountainBen Nevis
46%
"Last Dictatorship in Europe"Belarus
45%
Biggest city on Norway's west coastBergen
42%
Historical region of the Czech RepublicBohemia
40%
Largest lake in HungaryBalaton
21%

Score Distribution

Percentile by Number Answered

Percent of People with Each Score

Your Score History

You have not taken this quiz since the last reset